00545nam a2200181 i 4500001000700000003000900007005001700016007000300033008004100036080002100077100003000098245008000128260004100208300002300249490002800272830002800300852003500328110633ES-MaACL20230906185118.0t|070206s1921 sp ||||1| spa d a821.134.2-32"19"0 aNoel, Eugenio,d1885-193610aComo la palma de la mano de un viejo b: novela inédita / cEugenio Noel. a[Madrid : bLa Novela Corta, c1921] a[12] p. ; c20 cm.1 aLa novela corta ; v2840 aLa novela corta ; v284 aES-MaACLj2213-F-47 bR.138655